TESTING CATHOLIC MORAL THINKING

Saved in:  
Bibliographic Details
Main Author: Miller, Clyde Lee 1937- (Author)
Format: Electronic Review
Language:English
Check availability: HBZ Gateway
Interlibrary Loan:Interlibrary Loan for the Fachinformationsdienste (Specialized Information Services in Germany)
Published: 1978
In: Cross currents
Year: 1978, Volume: 28, Issue: 3, Pages: 362-366
Further subjects:B Book review
Online Access: Volltext (lizenzpflichtig)

MARC

LEADER 00000caa a22000002c 4500
001 1812953534
003 DE-627
005 20220804021714.0
007 cr uuu---uuuuu
008 220803s1978 xx |||||oo 00| ||eng c
035 |a (DE-627)1812953534 
035 |a (DE-599)KXP1812953534 
040 |a DE-627  |b ger  |c DE-627  |e rda 
041 |a eng 
084 |a 0  |a 1  |2 ssgn 
100 1 |e VerfasserIn  |0 (DE-588)105038279X  |0 (DE-627)783916884  |0 (DE-576)167441531  |4 aut  |a Miller, Clyde Lee  |d 1937- 
109 |a Miller, Clyde Lee 1937-  |a Lee Miller, Clyde 1937-  |a Miller, Clyde L. 1937- 
245 1 0 |a TESTING CATHOLIC MORAL THINKING 
264 1 |c 1978 
336 |a Text  |b txt  |2 rdacontent 
337 |a Computermedien  |b c  |2 rdamedia 
338 |a Online-Ressource  |b cr  |2 rdacarrier 
655 7 |a Rezension  |0 (DE-588)4049712-4  |0 (DE-627)106186019  |0 (DE-576)209083166  |2 gnd-content 
773 0 8 |i Enthalten in  |t Cross currents  |d Chapel Hill, NC : The University of North Carolina Press, 1950  |g 28(1978), 3, Seite 362-366  |h Online-Ressource  |w (DE-627)357171608  |w (DE-600)2094521-8  |w (DE-576)273873555  |x 1939-3881  |7 nnas 
773 1 8 |g volume:28  |g year:1978  |g number:3  |g pages:362-366 
856 4 0 |u https://www.jstor.org/stable/24457974  |x Verlag  |z lizenzpflichtig  |3 Volltext  |7 1 
935 |a mteo 
951 |a AR 
ELC |a 1 
ITA |a 1  |t 1 
LOK |0 000 xxxxxcx a22 zn 4500 
LOK |0 001 4175337776 
LOK |0 003 DE-627 
LOK |0 004 1812953534 
LOK |0 005 20220803053627 
LOK |0 008 220803||||||||||||||||ger||||||| 
LOK |0 035   |a (DE-Tue135)IxTheo#2022-07-10#9BA2C9AD194602A0DD1F2F453FEF5A2755A35CC6 
LOK |0 040   |a DE-Tue135  |c DE-627  |d DE-Tue135 
LOK |0 092   |o n 
LOK |0 852   |a DE-Tue135 
LOK |0 852 1  |9 00 
LOK |0 935   |a ixzs  |a ixrk  |a zota 
LOK |0 939   |a 03-08-22  |b l01 
ORI |a SA-MARC-ixtheoa001.raw 
REL |a 1 
SUB |a REL